| 000 | 00883nam0a22002651 4500 | ||
|---|---|---|---|
| 001 | rc\4808447 | ||
| 005 | 20130426135131.1 | ||
| 021 |
_aRU _b[60-82229] |
||
| 035 | _a(NLR Aleph) 008876808 | ||
| 090 |
_a8556846 _c8556846 |
||
| 100 | _a20130426d1960 |||y0rusy50 ca | ||
| 101 | 0 | _arus | |
| 102 | _aRU | ||
| 105 | _aab z ||||| | ||
| 200 | 1 | _aСоветская электроэнергетика | |
| 210 |
_aМосква _aЛенинград _cГосэнергоиздат _d1960 |
||
| 215 |
_a142 с. _cил., карт. _d20 |
||
| 320 | _aБиблиогр. в конце книги (20 назв.) | ||
| 606 |
_aЭлектротехническая промышленность СССР _2psbo |
||
| 700 | 1 |
_aШершов _bС. Ф. _gСергей Федорович |
|
| 801 | 0 |
_aRU _bNLR _gpsbo |
|
| 801 | 1 |
_aRU _bELAR _2rusmarc |
|
| 852 |
_aNLR _j60-3/5633 |
||
| 942 | _cBOOK | ||
| 980 | _aNB | ||